| 000 | 01268cam a22001814a 4500 | ||
|---|---|---|---|
| 005 | 20250605164144.0 | ||
| 008 | 250528s ||||||||||||||||||||||||d | ||
| 035 | _a19089 | ||
| 040 |
_aGR-AtMCL _bgre _dGR-AtMCL _eAACR2 |
||
| 245 | 1 | _aΦυσική Μηχανική - Κυματική Ακουστική / Θεωρία - Ερωτήσεις - Ασκήσεις | |
| 260 |
_bGutenberg, _c1976 |
||
| 300 | _a336 | ||
| 520 | _aΠρόλογος, Εισαγωγή, Στατική, Κινηματική του Υλικού Σημείου, Σχετικές Κινήσεις - Βολές, Δυναμική του Υλικού Σημείου, Έργο - Ισχύς - Ενέργεια, Παγκόσμια Έλξη - Βαρύτητα, Τριβή, Ορμή - Κρούση, Κινηματική του Στερεού Σώματος, Ελαστικότητα - Αντοχή των Υλικών, Ταλαντώσεις, Επιταχυνόμενα Συστήματα Αναφοράς, Υδροστατική, Αεροστατική, Υδροδυναμική - Αεροδυναμική, Μοριακά Φαινόμενα, Μηχανές, Κυματική, Ακουστική. | ||
| 700 | 1 |
_aΓεωργοπουλος Πανος _95343 |
|
| 942 | _cBK | ||
| 999 |
_c4370 _d4370 |
||